Robert Downey Jr. Movies - Statistics

General Stats
  • This quiz has been taken 78 times
    53 since last reset
  • The average score is 18 of 90
Answer Stats
Year Movie % Correct
2008 Iron Man
100%
2010 Iron Man 2
100%
2013 Iron Man 3
100%
2012 The Avengers
100%
2019 Avengers: Endgame
97%
2018 Avengers: Infinity War
94%
2015 Avengers: Age of Ultron
88%
2016 Captain America: Civil War
84%
2017 Spider-Man: Homecoming
75%
2009 Sherlock Holmes
53%
2020 Dolittle
47%
2008 The Incredible Hulk
47%
2023 Oppenheimer
41%
2011 Sherlock Holmes: A Game of Shadows
38%
2019 Spider-Man: Far From Home
38%
1992 Chaplin
31%
2008 Tropic Thunder
31%
2005 Kiss Kiss Bang Bang
28%
2007 Zodiac
28%
2014 The Judge
25%
2010 Due Date
22%
1990 Air America
19%
2014 Captain America: The Winter Soldier
19%
1993 Heart and Souls
19%
1987 Less Than Zero
19%
1994 Only You
19%
1987 The Pick-up Artist
19%
1998 U.S. Marshals
19%
1985 Weird Science
19%
2003 Gothika
16%
1994 Natural Born Killers
16%
2003 The Singing Detective
16%
2009 The Soloist
16%
2000 Wonder Boys
16%
1986 Back to School
13%
2014 Chef
13%
1988 Johnny Be Good
13%
1970 Pound
13%
1995 Richard III
13%
1991 Soapdish
13%
2006 A Scanner Darkly
9%
1999 Black and White
9%
1989 Chances Are
9%
1999 Friends and Lovers
9%
2005 Good Night, and Good Luck.
9%
1994 Hail Caesar
9%
1999 In Dreams
9%
TBD Sherlock Holmes 3
9%
1989 True Believer
9%
1980 Up the Academy
9%
2006 A Guide to Recognizing Your Saints
6%
TBD All-Star Weekend
6%
2021 Black Widow
6%
1999 Bowfinger
6%
1996 Danger Zone
6%
2004 Eros
6%
1984 Firstborn
6%
2005 Game 6
6%
1972 Greaser's Palace
6%
1997 Hugo Pool
6%
2007 Lucky You
6%
1997 One Night Stand
6%
1988 Rented Lips
6%
1993 Short Cuts
6%
1998 The Gingerbread Man
6%
1990 To Much Sun
6%
1985 Tuff Turf
6%
1997 Two Girls and a Guy
6%
1988 1969
3%
1986 America
3%
1983 Baby It's You
3%
2007 Charlie Bartlett
3%
2006 Fur: An Imaginary Portrait of Diane Arbus
3%
1985 Girls Just Wanna Have Fun
3%
1995 Home for the Holidays
3%
2010 Love & Distrust
3%
1995 Restoration
3%
1989 That's Adequate
3%
2021 The Eternals
3%
2016 The Nice Guy
3%
2006 The Shaggy Dog
3%
2010 A Backyard Story
0%
TBD A Head Full of Ghosts
0%
TBD Constance
0%
2018 Dizzy Pursuit
0%
2011 Just Go With It
0%
1995 Mr. Willowby's Christmas Tree
0%
TBD Play Dirty
0%
2014 Playing it Forward: Imagine Dragons
0%
TBD Untiled John Brinkley Biopic
0%
No matching quizzes found
Score Distribution
Percent of People with Each Score
Percentile by Number Answered
Your Score History
You have not taken this quiz since the last reset